| 000 | 01125nam a2200253Ia 4500 | ||
|---|---|---|---|
| 999 |
_c36675 _d36675 |
||
| 001 | 2602 | ||
| 003 | GE_BSU | ||
| 005 | 20221229112918.0 | ||
| 008 | 181216s2002||||ge |||||||||||||| ||geo|| | ||
| 040 | _cGE_BSU | ||
| 041 | _ageo | ||
| 080 | _a341(075.8) ჩ–68 | ||
| 100 |
_aჩიქვანაია, თინათინ _916623 |
||
| 245 |
_aსაერთაშორისო კერძო სამართალი : ზოგადი ნაწილი : _b(დამხმ. სახელმძღვ.) / _c[რედ.: რომან შენგელია]. |
||
| 264 |
_aთბილისი, _c2002. |
||
| 300 |
_a202 გვ.; _b20 სმ. |
||
| 541 | _h7 ლ. | ||
| 653 | _a სამართალი | ||
| 653 | _aსაქართველოს საერთაშორისო ხელშეკრულებები. | ||
| 653 | _aორმხრივი ხელშეკრულებები | ||
| 653 | _aადამიანის ძირითადი უფლებები | ||
| 653 | _aიურიდიული პირები | ||
| 942 |
_cBK _2udc |
||